US-States by Southernmost Point - Statistics

General Stats
  • This quiz has been taken 129 times
  • The average score is 35 of 50
Answer Stats
S. Point Answer % Correct
24°31'N Florida
98%
18°55'N Hawaii
98%
25°50'N Texas
97%
28°56'N Louisiana
94%
30°10'N Mississippi
92%
30°11'N Alabama
91%
30°22'N Georgia
89%
31°20'N Arizona
88%
31°20'N New Mexico
88%
32°02'N South Carolina
88%
33°00'N Arkansas
85%
32°32'N California
85%
33°37'N Oklahoma
85%
33°50'N North Carolina
80%
36°00'N Missouri
78%
33°59'N Tennessee
78%
36°30'N Kentucky
77%
37°00'N Kansas
75%
35°00'N Nevada
75%
36°32'N Virginia
75%
36°59'N Colorado
74%
37°00'N Utah
74%
36°58'N Illinois
69%
37°12'N West Virginia
68%
37°28'N Indiana
66%
37°55'N Maryland
65%
40°00'N Nebraska
65%
38°24'N Ohio
65%
40°23'N Iowa
63%
38°56'N New Jersey
63%
40°30'N New York
63%
39°43'N Pennsylvania
63%
38°27'N Delaware
62%
42°00'N Idaho
60%
51°13'N Alaska
58%
41°00'N Wyoming
58%
40°59'N Connecticut
57%
41°42'N Michigan
57%
42°42'N New Hampshire
57%
42°00'N Oregon
57%
42°44'N Vermont
57%
42°58'N Maine
55%
41°09'N Rhode Island
55%
41°14'N Massachusetts
54%
42°29'N Wisconsin
54%
43°30'N Minnesota
52%
42°29'N South Dakota
51%
45°33'N Washington
51%
44°22'N Montana
48%
45°56'N North Dakota
48%
No matching quizzes found
Score Distribution
Percent of People with Each Score
Percentile by Number Answered
Your Score History
You have not taken this quiz